• 首页
  • 本馆介绍
  • 公告通知
  • 最新文献
  • 馆藏检索
  • 电子资源
  • 读者导购
  • 参考咨询
  • 我的图书馆
  • 登录
  • 详细信息显示
  • 放入我的书架
  • 预约/预借图书
  • 作者相关作品
  • 分类相关作品
  • 丛书相关作品
  • 出版社相关作品

书目信息

  • 表格格式
  • 工作单格式
  • 卡片格式
题名:
工程招投标与合同管理
    
 
作者: 徐世平 , 王柏春 , 胡明华 主编
分册:  
出版信息: 天津   天津科学技术出版社  2017.6
页数: 241页
开本: 29cm
丛书名:
单 册:
中图分类: TU723.2
科图分类:
主题词: 建筑工程--jian zhu gong cheng--招标--教材 , 建筑工程--jian zhu gong cheng--投标--教材 , 建筑工程--jian zhu gong cheng--经济合同--管理--教材
电子资源:
ISBN: 978-7-5576-3331-8
000 01149nam0 2200289 450
001 2161415822
005 20210928130734.0
010    @a978-7-5576-3331-8@dCNY86.00
100    @a20171116d2017 em y0chiy50 ea
101 0  @achi
102    @aCN@b120000
105    @ay z 000yy
106    @ar
200 1  @a工程招投标与合同管理@Agong cheng zhao tou biao yu he tong guan li@f徐世平,王柏春,胡明华主编
210    @a天津@c天津科学技术出版社@d2017.6
215    @a241页@d29cm
300    @a21世纪土建学科专业“十三五”规划新教材 “互联网+”创新型规划教材
330    @a本书共七个项目,包括招标投标法规,建设工程招标,建设工程投标,建设工程开标、评标和定标,建设工程合同,建设工程合同管理,国际项目采购管理与FIDIC施工合同条件简介。
606 0  @a建筑工程@Ajian zhu gong cheng@x招标@j教材
606 0  @a建筑工程@Ajian zhu gong cheng@x投标@j教材
606 0  @a建筑工程@Ajian zhu gong cheng@x经济合同@x管理@j教材
690    @aTU723.2@v5
701  0 @a徐世平@Axu shi ping@4主编
701  0 @a王柏春@Awang bai chun@4主编
701  0 @a胡明华@Ahu ming hua@c(建筑工程)@4主编
801  0 @aCN@b百万庄@c20210927
905    @b1301895-98@dTU723.2@e1803@f4
    
    工程招投标与合同管理/徐世平,王柏春,胡明华主编.-天津:天津科学技术出版社,2017.6
    241页;29cm
    21世纪土建学科专业“十三五”规划新教材 “互联网+”创新型规划教材
    
    ISBN 978-7-5576-3331-8:CNY86.00
    本书共七个项目,包括招标投标法规,建设工程招标,建设工程投标,建设工程开标、评标和定标,建设工程合同,建设工程合同管理,国际项目采购管理与FIDIC施工合同条件简介。
●
相关链接 在E读中查询图书 在五车中查询图书 在当当中查询图书 在豆瓣中查询图书


正题名:工程招投标与合同管理     索取号:TU723.2/1803         预约/预借

序号 登录号 条形码 馆藏地/架位号 状态 备注
1 1301895   213018955   第二样本阅览室/ [索取号:TU723.2/1803] 在馆    
2 1301896   213018964   第三借阅区/ [索取号:TU723.2/1803] 在馆    
3 1301897   213018973   第三借阅区/ [索取号:TU723.2/1803] 在馆    
4 1301898   213018982   第三借阅区/ [索取号:TU723.2/1803] 在馆    
唐山师范学院图书馆 欢迎您!
大连网信软件有限公司© 版权所有